=LDR 00000nam 2200000 4500 =001 INLIS000000000007284 =005 20130612095318 =008 ***********************************Ind** =035 ##$$0010-061300000007284 =041 ##$$a Ind =082 ##$$a 2x4.391 =090 ##$$a 2x4.391, Per p =245 ##$$a Perkembangan pemiikiran ulama dalam penemuan KB di Indonesia =260 ##$$a 1988 $b Jakarta =300 ##$$a 59 hlm., 21 cm =650 ##$$a Islam-Keluarga Berencana